| 000 | 00542nam a2200181 i 4500 | ||
|---|---|---|---|
| 001 | 130943 | ||
| 003 | ES-MaACL | ||
| 005 | 20240324063005.0 | ||
| 007 | t| | ||
| 008 | 070813s1960 sp ||||1| spa d | ||
| 100 | 1 |
_aWodehouse, P. G., _d1881-1975 _9117205 |
|
| 245 | 1 | 3 |
_aEl inimitable Jeeves / _cP. G. Wodehouse ; [traducción de Emilia Bertel]. |
| 260 |
_aBarcelona : _bG. P., _c[1960] |
||
| 300 |
_a160 p. ; _c18 cm. |
||
| 700 | 1 |
_aBertel, Emilia. _928431 |
|
| 852 |
_aES-MaACL _jC-17043 _bR.45409 |
||
| 999 |
_c130943 _d130943 |
||